| 000 | 01231cam a22003857i 4500 | ||
|---|---|---|---|
| 001 | data | ||
| 005 | 20260322212116.0 | ||
| 008 | data | ||
| 035 | _a20874156 | ||
| 906 |
_a7 _bcbc _ccopycat _d2 _encip _f20 _gy-gencatlg |
||
| 925 | 0 |
_aacquire _b1 shelf copies _xpolicy default |
|
| 010 | _a 2018304277 | ||
| 015 |
_aGBB8L3556 _2bnb |
||
| 016 | 7 |
_a019131882 _2Uk |
|
| 020 |
_a9781435166851 _q(hbk.) : |
||
| 020 | _a143516685X | ||
| 035 | _a(OCoLC)1079827395 | ||
| 040 |
_aUKMGB _beng _cUKMGB _erda _dDLC _dOCLCF _dDLC |
||
| 042 | _alccopycat | ||
| 050 | 0 | 0 |
_aBL782 _b.G84 2018 |
| 082 | 0 | 4 |
_a398.20938 _223 |
| 100 | 1 |
_aGuerber, H. A. _q(Hélène Adeline), _d1859-1929, _eauthor. |
|
| 245 | 1 | 0 |
_aClassical mythology / _cHelen A. Guerber. |
| 264 | 1 |
_aNew York : _bSterling, _c2018. |
|
| 300 |
_axvii, 317 pages : _billustrations ; _c23 cm. |
||
| 336 |
_atext _2rdacontent |
||
| 337 |
_aunmediated _2rdamedia |
||
| 338 |
_avolume _2rdacarrier |
||
| 490 | 0 | _aIllustrated classic editions | |
| 650 | 0 | _aMythology, Greek. | |
| 650 | 0 | _aMythology, Roman. | |
| 650 | 7 |
_aMythology, Greek. _2fast _0(OCoLC)fst01031804 |
|
| 650 | 7 |
_aMythology, Roman. _2fast _0(OCoLC)fst01031887 |
|
| 999 |
_c1748 _d1748 |
||